000 00529nam a22001937a 4500
999 _c11873
_d11873
008 210113b ||||| |||| 00| 0 eng d
020 _cRs.90.00
041 0 _ahin
082 0 0 _a891.43
_bM6843
100 _93451
_aMitra, Bimal
245 1 0 _aJana gana mana (The people's voice) /
_cby Bimal Mitra
245 1 0 _cबिमल मित्र
_aजन गण मन /
250 _a1st ed.
260 _aDelhi:
_bsanmarg prakashan,
_c1991.
300 _a208 p.
365 _bINR 90.00
650 0 _aHindi fiction
942 _cBK